[Event "Saint John op-1"]
[Site "Saint John CAN"]
[Date "1988.??.??"]
[Round "?"]
[White "Garcia, Gildardo"]
[Black "Ilic, Zoran S"]
[Result "1/2-1/2"]
[WhiteElo "2430"]
[BlackElo "2360"]
[PlyCount "109"]
[GameId "2160767912587138"]
[EventDate "1988.01.24"]
[EventType "swiss"]
[EventRounds "9"]
[EventCountry "CAN"]
[SourceTitle "CBM 006"]
[Source "ChessBase"]
[SourceDate "2004.01.01"]
[SourceVersion "1"]
[SourceVersionDate "2004.01.01"]
[SourceQuality "1"]

1. e4 c5 2. Nf3 Nc6 3. d4 cxd4 4. Nxd4 Qb6 5. Nb3 Nf6 6. Nc3 e6 7. Bg5 Be7 8. Be2 a6 9. O-O d6 10. a4 Qc7 11. a5 O-O 12. Re1 b5 13. axb6 Qxb6 14. Bf1 Rd8 15. Ra4 Nb4 16. Na5 Bd7 17. Ra3 Be8 18. Nc4 Qc7 19. Bf4 Rab8 20. Bd3 Nd7 21. Qe2 Ne5 22. Ne3 Qc5 23. Ned1 Nexd3 24. cxd3 Qd4 25. Na2 Nxa2 26. Be3 Qb4 27. Rxa2 d5 28. exd5 Rxd5 29. Nc3 Rdd8 30. d4 a5 31. Bf4 Ra8 32. Be5 Bf8 33. Qe4 a4 34. h4 Rac8 35. Re3 a3 36. bxa3 Qb3 37. Qc2 Qxc2 38. Rxc2 f6 39. Bg3 Bxa3 40. Ra2 Bb4 41. Ne2 Bg6 42. Ra7 Bf5 43. h5 Ra8 44. Rxa8 Rxa8 45. Rb3 Ra1+ 46. Kh2 Rb1 47. Rxb1 Bxb1 48. Bc7 Kf7 49. Kg3 Ba2 50. Nf4 Ke7 51. Nd3 Bc3 52. Bb6 Kd6 53. Bc5+ Kd7 54. Nf4 Bb1 55. Kf3 1/2-1/2

[Event "Saint John op-1"]
[Site "Saint John CAN"]
[Date "1988.??.??"]
[Round "?"]
[White "Garcia, Gildardo"]
[Black "Savereide, Diane"]
[Result "1-0"]
[WhiteElo "2430"]
[BlackElo "2250"]
[PlyCount "69"]
[GameId "2160767912587140"]
[EventDate "1988.01.24"]
[EventType "swiss"]
[EventRounds "9"]
[EventCountry "CAN"]
[SourceTitle "CBM 06"]

1. e4 c5 2. Nf3 e6 3. d4 cxd4 4. Nxd4 Nf6 5. Nc3 d6 6. Be2 Be7 7. O-O O-O 8. f4 Nc6 9. Be3 Bd7 10. Nb3 a6 11. a4 b6 12. Bf3 Qc7 13. g4 Rfc8 14. g5 Ne8 15. Bg2 Na5 16. Rf3 Nc4 17. Bc1 b5 18. Rh3 g6 19. Nd4 Bf8 20. b3 Na5 21. axb5 axb5 22. b4 Nc4 23. Rxa8 Rxa8 24. f5 Qb6 25. Kh1 Ra1 26. Nb3 Ra8 27. Qe1 Nc7 28. Qh4 h5 29. gxh6 Kh7 30. Qf6 Ne5 31. Be3 Qb8 32. Bd4 Be8 33. Bxe5 dxe5 34. fxg6+ fxg6 35. Qxf8 1-0

[Event "Saint John op-1"]
[Site "Saint John CAN"]
[Date "1988.??.??"]
[Round "?"]
[White "Georgiev, Krum"]
[Black "Burger, Karl"]
[Result "1-0"]
[WhiteElo "2490"]
[BlackElo "2320"]
[PlyCount "63"]
[GameId "2160767912587141"]
[EventDate "1988.01.24"]
[EventType "swiss"]
[EventRounds "9"]
[EventCountry "CAN"]
[SourceTitle "CBM 06"]

1. e4 d6 2. d4 Nf6 3. Nc3 g6 4. f3 Bg7 5. Be3 c6 6. h4 Qb6 7. Qc1 a5 8. g4 h5 9. g5 Nfd7 10. Nge2 Qc7 11. a4 Na6 12. Bg2 Nb6 13. O-O Nb4 14. Nd1 Be6 15. c3 Na6 16. Qc2 Bc4 17. f4 e6 18. f5 gxf5 19. exf5 exf5 20. Bf2 O-O-O 21. Ne3 Bxe2 22. Qxe2 Rde8 23. Qd3 f6 24. Nxf5 fxg5 25. hxg5 Rhg8 26. Rae1 Kb8 27. Nxd6 Rxe1 28. Bxe1 Ka8 29. Bg3 h4 30. Rf7 hxg3 31. Qxa6+ bxa6 32. Rxc7 1-0

[Event "Saint John op-1"]
[Site "Saint John CAN"]
[Date "1988.??.??"]
[Round "?"]
[White "Georgiev, Krum"]
[Black "Gulko, Boris"]
[Result "0-1"]
[WhiteElo "2490"]
[BlackElo "2595"]
[PlyCount "52"]
[GameId "2160767912587143"]
[EventDate "1988.01.24"]
[EventType "swiss"]
[EventRounds "9"]
[EventCountry "CAN"]
[SourceTitle "CBM 006"]
[Source "ChessBase"]
[SourceDate "2004.01.01"]
[SourceVersion "1"]
[SourceVersionDate "2004.01.01"]
[SourceQuality "1"]

1. e4 e6 2. d4 d5 3. Nd2 c5 4. exd5 exd5 5. Ngf3 Nc6 6. Bb5 Bd6 7. O-O cxd4 8. Nb3 Nge7 9. Bxc6+ bxc6 10. Qxd4 O-O 11. Bf4 Nf5 12. Qd2 Be6 13. Rfe1 c5 14. c4 d4 15. Ng5 Bxc4 16. Bxd6 Qxd6 17. Ne4 Qg6 18. Nbxc5 Rac8 19. Qf4 Rfd8 20. b4 d3 21. Nc3 Nd4 22. Re4 Ne2+ 23. Rxe2 dxe2 24. Qxc4 Qc2 25. Qb3 Rd1+ 26. Rxd1 Qxc3 0-1

[Event "Saint John op-1"]
[Site "Saint John CAN"]
[Date "1988.??.??"]
[Round "?"]
[White "Georgiev, Krum"]
[Black "Kopec, Danny"]
[Result "1-0"]
[WhiteElo "2490"]
[BlackElo "2405"]
[PlyCount "101"]
[GameId "2160767912587144"]
[EventDate "1988.01.24"]
[EventType "swiss"]
[EventRounds "9"]
[EventCountry "CAN"]
[SourceTitle "CBM 06"]

1. e4 c5 2. Nf3 Nc6 3. Bb5 g6 4. c3 Bg7 5. O-O Nf6 6. Re1 O-O 7. h3 d6 8. d4 cxd4 9. cxd4 a6 10. Bxc6 bxc6 11. Nc3 Rb8 12. b3 Nd7 13. Bg5 f6 14. Bd2 e5 15. Rc1 Bb7 16. Na4 Qe7 17. Bb4 exd4 18. Qxd4 c5 19. Qc4+ Kh8 20. Ba5 Bc6 21. Rcd1 Rfc8 22. Nc3 Ne5 23. Nxe5 fxe5 24. Nd5 Qh4 25. Qe2 Rb5 26. Nb6 Rf8 27. Nc4 Rb7 28. Rxd6 Bb5 29. Red1 Rbf7 30. Be1 Rf4 31. f3 Qe7 32. Bg3 R4f7 33. Kh2 g5 34. a4 Be8 35. Ne3 h5 36. Qxa6 Kh7 37. Re6 Qc7 38. Qd6 Qxd6 39. Rexd6 h4 40. Bf2 Rb7 41. R1d3 Bf7 42. Rd7 Rfb8 43. Nc4 Bxc4 44. bxc4 Rb1 45. Bxc5 Ra1 46. Rd1 Rxa4 47. Bd6 Re8 48. Rc1 Kg6 49. c5 Bh6 50. Rb1 Rc4 51. Bxe5 1-0

[Event "Saint John op-1"]
[Site "Saint John CAN"]
[Date "1988.??.??"]
[Round "?"]
[White "Georgiev, Krum"]
[Black "Torre, Eugenio"]
[Result "0-1"]
[WhiteElo "2490"]
[BlackElo "2545"]
[PlyCount "86"]
[GameId "2160767912587145"]
[EventDate "1988.01.24"]
[EventType "swiss"]
[EventRounds "9"]
[EventCountry "CAN"]
[SourceTitle "CBM 06"]

1. e4 d6 2. d4 Nf6 3. Nc3 g6 4. f3 c6 5. Be3 b5 6. Qd2 Nbd7 7. a4 b4 8. Nd1 a5 9. Nh3 Bg7 10. Nhf2 O-O 11. Be2 e5 12. c3 bxc3 13. Nxc3 Rb8 14. Rd1 exd4 15. Bxd4 Qe7 16. O-O Nc5 17. Be3 d5 18. exd5 cxd5 19. Bb5 Rd8 20. Ne2 Nb3 21. Qd3 Qb4 22. Qc2 Bd7 23. Nd3 Qe7 24. Bf2 Bxb5 25. axb5 Rxb5 26. Rfe1 Rbb8 27. Ndf4 Qb7 28. Rd3 Rdc8 29. Qd1 Qb4 30. Bg3 d4 31. Nxd4 Rc1 32. Rxb3 Rxd1 33. Rxd1 Qxd4+ 34. Rxd4 Rxb3 35. Rd8+ Bf8 36. Be1 a4 37. Bc3 a3 38. Bxf6 axb2 39. Bxb2 Rxb2 40. Nd3 Rd2 41. Rd7 Bh6 42. Ne5 Be3+ 43. Kh1 Bd4 0-1

[Event "Saint John op-1"]
[Site "Saint John CAN"]
[Date "1988.??.??"]
[Round "?"]
[White "Gonzalez Rodriguez, Jorge Armando"]
[Black "Basanta, Gary"]
[Result "1/2-1/2"]
[WhiteElo "2375"]
[BlackElo "2215"]
[PlyCount "93"]
[GameId "2160767912587146"]
[EventDate "1988.01.24"]
[EventType "swiss"]
[EventRounds "9"]
[EventCountry "CAN"]
[SourceTitle "CBM 006"]
[Source "ChessBase"]
[SourceDate "2004.01.01"]
[SourceVersion "1"]
[SourceVersionDate "2004.01.01"]
[SourceQuality "1"]

1. c4 Nf6 2. Nc3 e5 3. g3 Be7 4. Bg2 O-O 5. e3 c6 6. Nge2 d6 7. O-O Be6 8. d3 d5 9. cxd5 cxd5 10. d4 exd4 11. Nxd4 Nc6 12. Nxe6 fxe6 13. b3 Qe8 14. Bb2 Qg6 15. a3 Rad8 16. b4 Ne5 17. Ra2 Nc4 18. Ba1 Ng4 19. Re2 Qh5 20. h3 Nf6 21. Qb3 Nd6 22. Rd2 Kh8 23. Rfd1 Qg6 24. Rc2 Nfe4 25. Ne2 Rxf2 26. Nf4 Qxg3 27. Rxf2 Qxf2+ 28. Kh1 Qg3 29. Kg1 Qf2+ 30. Kh1 Qg3 31. Rc1 Bf6 32. Bxf6 gxf6 33. Qb2 Rg8 34. Rf1 Qxe3 35. Rf3 Qe1+ 36. Kh2 Qh4 37. Nxe6 Qh6 38. Nf4 Qg5 39. Qd4 h5 40. Qxd5 Qxd5 41. Nxd5 Kg7 42. Rd3 Rc8 43. Rd4 Rc2 44. Nf4 h4 45. Kg1 Rc1+ 46. Kh2 Rc2 47. Kg1 1/2-1/2

[Event "Saint John op-1"]
[Site "Saint John CAN"]
[Date "1988.??.??"]
[Round "?"]
[White "Gonzalez Rodriguez, Jorge Armando"]
[Black "Mercuri, Louis A"]
[Result "1-0"]
[WhiteElo "2375"]
[BlackElo "2210"]
[PlyCount "156"]
[GameId "2160767912587147"]
[EventDate "1988.01.24"]
[EventType "swiss"]
[EventRounds "9"]
[EventCountry "CAN"]
[SourceTitle "CBM 006"]
[Source "ChessBase"]
[SourceDate "2004.01.01"]
[SourceVersion "1"]
[SourceVersionDate "2004.01.01"]
[SourceQuality "1"]

1. c4 e5 2. Nc3 Nf6 3. g3 d5 4. cxd5 Nxd5 5. Bg2 Nb6 6. Nf3 Nc6 7. O-O Be7 8. a3 a5 9. b3 O-O 10. Bb2 Bg4 11. Qc2 Re8 12. Nb5 Bf6 13. d3 Qd7 14. Rfe1 Be6 15. Nd2 Bd5 16. Ne4 Be7 17. e3 a4 18. b4 Bb3 19. Qd2 f5 20. Nc5 Bxc5 21. bxc5 Nc4 22. Qc3 Nxb2 23. Qxb2 Ra5 24. Nc3 Rxc5 25. Bf1 Ra5 26. Rac1 Ne7 27. Nb1 c6 28. Nd2 Bf7 29. Nc4 Bxc4 30. Rxc4 Nd5 31. Qc2 Rea8 32. e4 fxe4 33. Rcxe4 Qd6 34. Rxe5 Qxa3 35. d4 Rf8 36. Bd3 h6 37. Bc4 Kh8 38. Qd2 Raa8 39. Bxd5 cxd5 40. Rxd5 Qf3 41. Rb5 Rfe8 42. Rbe5 Red8 43. R1e3 Qf6 44. Qb4 a3 45. Rxa3 Rxa3 46. Qxa3 Rxd4 47. Re8+ Kh7 48. Qb3 Rd6 49. Qxb7 Qd4 50. Qc8 Qd1+ 51. Kg2 Qd5+ 52. f3 Rf6 53. Rh8+ Kg6 54. Qe8+ Rf7 55. Qe2 Rd7 56. Qe8+ Rf7 57. Qe3 Qa2+ 58. Kh3 Qd5 59. f4 Qf5+ 60. Kg2 Qc2+ 61. Qf2 Rc7 62. Qxc2+ Rxc2+ 63. Kh3 Kf6 64. Rf8+ Ke7 65. Rf5 Ke6 66. g4 Rc3+ 67. Kh4 Rc2 68. h3 Rc3 69. Kh5 Rxh3+ 70. Kg6 Rg3 71. g5 hxg5 72. fxg5 Ra3 73. Rf7 Ra5 74. Rxg7 Ra8 75. Rb7 Rg8+ 76. Kh6 Kf5 77. Rf7+ Ke6 78. g6 Ra8 1-0

[Event "Saint John op-1"]
[Site "Saint John CAN"]
[Date "1988.??.??"]
[Round "?"]
[White "Gonzalez Rodriguez, Jorge Armando"]
[Black "Shirazi, Kamran"]
[Result "1/2-1/2"]
[WhiteElo "2375"]
[BlackElo "2455"]
[PlyCount "271"]
[GameId "2160767912587148"]
[EventDate "1988.01.24"]
[EventType "swiss"]
[EventRounds "9"]
[EventCountry "CAN"]
[SourceTitle "CBM 006"]
[Source "ChessBase"]
[SourceDate "2004.01.01"]
[SourceVersion "1"]
[SourceVersionDate "2004.01.01"]
[SourceQuality "1"]

1. c4 Nf6 2. Nc3 d6 3. g3 c5 4. Bg2 Nc6 5. e3 e5 6. Nge2 Be6 7. Nd5 g6 8. O-O Bg7 9. h3 Qd7 10. Kh2 O-O 11. Nec3 Nh5 12. d3 f5 13. Rb1 Rf7 14. a3 Raf8 15. f4 exf4 16. gxf4 Bh6 17. b4 Ng7 18. Bb2 g5 19. b5 Ne5 20. fxe5 dxe5 21. Qe2 g4 22. hxg4 Qd8 23. gxf5 Qh4+ 24. Kg1 Nxf5 25. Rf3 Bxe3+ 26. Rxe3 Nd4 27. Ne4 Nxe2+ 28. Rxe2 Bg4 29. Re3 Bf3 30. Bxe5 Qg4 31. Rxf3 Rxf3 32. Ndf6+ R8xf6 33. Nxf6+ Rxf6 34. Bxf6 Qg3 35. Rf1 Qxd3 36. Bd5+ Kf8 37. Bd4+ Ke8 38. Bxc5 Qg3+ 39. Bg2 b6 40. Bf2 Qxa3 41. Bc6+ Ke7 42. Kg2 Qb2 43. Bd5 h5 44. Re1+ Kf6 45. Re6+ Kf5 46. Re7 Qa3 47. Re3 Qb2 48. Re4 Qg7+ 49. Bg3 Qb2+ 50. Kh3 Qa1 51. Rf4+ Kg5 52. Rf2 Qd4 53. Rf4 Qd1 54. Bf3 Qd3 55. Bg2 Qd7+ 56. Kh2 Qd2 57. Rf2 Qd3 58. Bd5 h4 59. Bb8 Qd4 60. Rg2+ Kf5 61. Bd6 Qe3 62. Kh1 Qe1+ 63. Rg1 Qe2 64. Bh2 Qd3 65. Rg2 Qf1+ 66. Bg1 Qa1 67. Rg8 Qa3 68. Kg2 Qc3 69. Bf2 Qb2 70. Kh3 Ke5 71. Bxh4 Qc3+ 72. Kg4 Qd4+ 73. Kh5 Qd1+ 74. Kg6 Qb1+ 75. Kg7 Qg1+ 76. Kf7 Qb1 77. Be7 Qf5+ 78. Ke8 Qc8+ 79. Bd8 a6 80. Rg5+ Kf4 81. bxa6 Qxa6 82. Be6 b5 83. Kf7 Qb7+ 84. Be7 bxc4 85. Rc5 Qa7 86. Rxc4+ Ke5 87. Rc5+ Kd4 88. Rb5 Ke4 89. Kf6 Qc7 90. Rb4+ Ke3 91. Rc4 Qa5 92. Bc5+ Kd3 93. Rd4+ Kc3 94. Rd5 Qa8 95. Rh5 Qf3+ 96. Rf5 Qc6 97. Re5 Qf3+ 98. Rf5 Qc6 99. Rd5 Qa4 100. Bf5 Qh4+ 101. Ke6 Qg3 102. Kd7 Qb8 103. Be6 Qb7+ 104. Kd6 Qb8+ 105. Ke7 Qc7+ 106. Kf6 Qf4+ 107. Rf5 Qh6+ 108. Ke7 Qh4+ 109. Kd7 Qa4+ 110. Kd6 Qa6+ 111. Ke7 Qb7+ 112. Kf6 Qc6 113. Bf2 Qe4 114. Bg3 Qh1 115. Be5+ Kd3 116. Rg5 Qh8+ 117. Ke7 Qh4 118. Bf6 Qb4+ 119. Kf7 Qb7+ 120. Kg6 Qb8 121. Bd5 Qe8+ 122. Kf5 Qc8+ 123. Be6 Qc5+ 124. Kg6 Qc6 125. Rg3+ Ke2 126. Bg4+ Kf2 127. Rc3 Qe8+ 128. Kg5 Qg8+ 129. Kf4 Qb8+ 130. Kf5 Qb5+ 131. Be5 Qd7+ 132. Kf4 Qa4+ 133. Kg5 Qe4 134. Bf6 Qd5+ 135. Kf4 Qd6+ 136. Be5 1/2-1/2

[Event "Saint John op-1"]
[Site "Saint John CAN"]
[Date "1988.??.??"]
[Round "?"]
[White "Gonzalez Rodriguez, Jorge Armando"]
[Black "Suba, Mihai"]
[Result "0-1"]
[WhiteElo "2375"]
[BlackElo "2550"]
[PlyCount "80"]
[GameId "2160767912587149"]
[EventDate "1988.01.24"]
[EventType "swiss"]
[EventRounds "9"]
[EventCountry "CAN"]
[SourceTitle "CBM 006"]
[Source "ChessBase"]
[SourceDate "2004.01.01"]
[SourceVersion "1"]
[SourceVersionDate "2004.01.01"]
[SourceQuality "1"]

1. c4 Nf6 2. Nc3 c5 3. g3 e6 4. Bg2 d5 5. Nf3 d4 6. Na4 Nc6 7. O-O e5 8. d3 h6 9. e4 Bg4 10. h3 Be6 11. a3 Nd7 12. Bd2 a6 13. b3 b5 14. Nb2 g5 15. Kh2 Bd6 16. Ng1 h5 17. Ne2 h4 18. g4 Nb6 19. Qc2 f6 20. Rfb1 Kf7 21. b4 bxc4 22. Nxc4 Nxc4 23. dxc4 Qe7 24. Nc1 Rhc8 25. Nd3 Nd8 26. Bf1 Kg7 27. Rc1 Nb7 28. Nb2 cxb4 29. axb4 Bxb4 30. Bxb4 Qxb4 31. Na4 Rc7 32. c5 Bb3 33. Qb2 a5 34. Nb6 Rd8 35. Qa3 d3 36. Qxb4 axb4 37. Bxd3 Rxd3 38. Ra7 Rf7 39. c6 Nd6 40. Rd7 Rc3 0-1

[Event "Saint John op-1"]
[Site "Saint John CAN"]
[Date "1988.??.??"]
[Round "?"]
[White "Groszpeter, Attila"]
[Black "Garcia, Gildardo"]
[Result "1-0"]
[WhiteElo "2495"]
[BlackElo "2430"]
[PlyCount "112"]
[GameId "2160767912587150"]
[EventDate "1988.01.24"]
[EventType "swiss"]
[EventRounds "9"]
[EventCountry "CAN"]
[SourceTitle "CBM 06"]

1. c4 e6 2. Nc3 d5 3. d4 Nf6 4. Bg5 Be7 5. e3 h6 6. Bh4 O-O 7. Nf3 b6 8. Be2 Bb7 9. Bxf6 Bxf6 10. cxd5 exd5 11. b4 Nc6 12. Qb3 Ne7 13. O-O Qd6 14. Rac1 a6 15. b5 a5 16. Ne1 g6 17. Nd3 Bg7 18. Na4 Bc8 19. Rc3 Bd7 20. Rfc1 Rac8 21. Ne1 Rfe8 22. Qc2 Nf5 23. Nf3 Qe7 24. Bf1 Nd6 25. Qb3 Be6 26. Nb2 Ne4 27. R3c2 Qd8 28. Nd3 Bf5 29. Nde5 Ng5 30. Bd3 Nxf3+ 31. Nxf3 Bg4 32. Nd2 Qg5 33. Bf1 Re7 34. g3 h5 35. Bg2 Rd8 36. h4 Qf5 37. Rxc7 Rxc7 38. Rxc7 Be2 39. a4 Bf8 40. Bf1 Bg4 41. Bd3 Qf6 42. Rc6 Be6 43. Rxb6 Bb4 44. Qc2 Kf8 45. Nb3 g5 46. hxg5 Qxg5 47. Nc5 Bg4 48. Bf1 h4 49. Qh7 hxg3 50. f4 Qg7 51. Qh4 Re8 52. Rh6 Kg8 53. Bd3 Bd2 54. Rh7 Bxe3+ 55. Kg2 Qxh7 56. Qxh7+ Kf8 1-0

[Event "Saint John op-1"]
[Site "Saint John CAN"]
[Date "1988.??.??"]
[Round "?"]
[White "Groszpeter, Attila"]
[Black "Lein, Anatoly"]
[Result "1-0"]
[WhiteElo "2495"]
[BlackElo "2475"]
[PlyCount "89"]
[GameId "2160767912587151"]
[EventDate "1988.01.24"]
[EventType "swiss"]
[EventRounds "9"]
[EventCountry "CAN"]
[SourceTitle "CBM 06"]

1. d4 Nf6 2. c4 e6 3. Nc3 d5 4. Bg5 Be7 5. e3 h6 6. Bh4 O-O 7. Nf3 b6 8. Be2 dxc4 9. Bxc4 Bb7 10. O-O Ne4 11. Nxe4 Bxe4 12. Bg3 c5 13. dxc5 Bxc5 14. Ne5 Qxd1 15. Rfxd1 Be7 16. Rac1 Bf6 17. Be2 Bd5 18. b3 a5 19. f3 Bg5 20. Kf2 a4 21. h4 Bd8 22. e4 Bb7 23. b4 a3 24. b5 Bf6 25. Rc7 Bxe5 26. Bxe5 Bc8 27. Bc4 Nd7 28. Rdxd7 Bxd7 29. Rxd7 Rfc8 30. Bb3 Rc5 31. Bf4 Rxb5 32. Rd3 Rc8 33. Bd6 Rd8 34. Ke2 Ra8 35. e5 Rd8 36. f4 g6 37. Bxa3 Ra8 38. Be7 Rba5 39. Rd8+ Rxd8 40. Bxd8 Rb5 41. Be7 Ra5 42. Kd3 Ra7 43. Bd6 Kg7 44. Kc4 g5 45. Kb5 1-0

[Event "Saint John op-1"]
[Site "Saint John CAN"]
[Date "1988.??.??"]
[Round "?"]
[White "Groszpeter, Attila"]
[Black "Taylor, Gordon"]
[Result "1-0"]
[WhiteElo "2495"]
[BlackElo "2335"]
[PlyCount "83"]
[GameId "2160767912587152"]
[EventDate "1988.01.24"]
[EventType "swiss"]
[EventRounds "9"]
[EventCountry "CAN"]
[SourceTitle "CBM 06"]

1. d4 Nf6 2. c4 e6 3. Nc3 Bb4 4. e3 O-O 5. Bd3 c5 6. Nge2 d5 7. a3 Bxc3+ 8. bxc3 dxc4 9. Bxc4 Nbd7 10. O-O e5 11. a4 exd4 12. cxd4 cxd4 13. Nxd4 Ne5 14. Be2 Bd7 15. Ba3 Re8 16. Nb5 Ne4 17. Qd4 Nc6 18. Qb2 a6 19. Nd6 Nxd6 20. Bxd6 Na5 21. Rfd1 Bc6 22. Bf4 Qf6 23. Qb4 Qf5 24. Bc7 Qg6 25. Bf1 b6 26. Rd6 Re6 27. Rad1 Nb7 28. Rxe6 Qxe6 29. Qxb6 Re8 30. Rc1 Bd5 31. Qxe6 Rxe6 32. a5 h5 33. Bb6 f5 34. f3 g5 35. Rd1 Bb3 36. Rd7 Nd6 37. Bxa6 Nc4 38. Bc8 Re8 39. Rd8 Rxd8 40. Bxd8 Nxe3 41. a6 g4 42. a7 1-0

[Event "Saint John op-1"]
[Site "Saint John CAN"]
[Date "1988.??.??"]
[Round "?"]
[White "Gulko, Boris"]
[Black "Barlov, Dragan"]
[Result "1/2-1/2"]
[WhiteElo "2595"]
[BlackElo "2520"]
[PlyCount "53"]
[GameId "2160767912587154"]
[EventDate "1988.01.24"]
[EventType "swiss"]
[EventRounds "9"]
[EventCountry "CAN"]
[SourceTitle "CBM 006"]
[Source "ChessBase"]
[SourceDate "2004.01.01"]
[SourceVersion "1"]
[SourceVersionDate "2004.01.01"]
[SourceQuality "1"]

1. d4 Nf6 2. c4 d6 3. Nc3 Nbd7 4. e4 e5 5. Nf3 c6 6. Be2 a6 7. O-O Be7 8. Be3 b5 9. a3 Bb7 10. Qc2 O-O 11. h3 Qb8 12. Rfd1 exd4 13. Nxd4 g6 14. cxb5 axb5 15. b4 Rc8 16. Nb3 c5 17. bxc5 dxc5 18. Bxb5 Bxe4 19. Qe2 Bc6 20. Bg5 Bf8 21. a4 Bg7 22. Rab1 Bxb5 23. Nxb5 Qe5 24. Qxe5 Nxe5 25. Nd6 Rc6 26. Bxf6 Bxf6 27. f4 1/2-1/2

[Event "Saint John op-1"]
[Site "Saint John CAN"]
[Date "1988.??.??"]
[Round "?"]
[White "Henao, Raul Fernando"]
[Black "Finegold, Gina Lynne"]
[Result "1-0"]
[WhiteElo "2345"]
[BlackElo "2060"]
[PlyCount "57"]
[GameId "2160767912587162"]
[EventDate "1988.01.24"]
[EventType "swiss"]
[EventRounds "9"]
[EventCountry "CAN"]
[SourceTitle "CBM 006"]
[Source "ChessBase"]
[SourceDate "2004.01.01"]
[SourceVersion "1"]
[SourceVersionDate "2004.01.01"]
[SourceQuality "1"]

1. e4 c6 2. Nc3 d5 3. Nf3 dxe4 4. Nxe4 Nd7 5. d4 Ngf6 6. Ng3 e6 7. Bd3 c5 8. O-O cxd4 9. Nxd4 Bc5 10. Nb3 Be7 11. Re1 O-O 12. Qf3 Nb6 13. c4 a5 14. Bf4 a4 15. Nd2 Nbd7 16. Rad1 Qb6 17. b3 axb3 18. axb3 Bb4 19. Bb1 Ra3 20. Re3 e5 21. Bg5 h6 22. Bxh6 gxh6 23. Nf5 Nh7 24. Qg3+ Ng5 25. h4 Qd8 26. Ne4 Ra6 27. hxg5 hxg5 28. c5 Rg6 29. Rd6 1-0

[Event "Saint John op-1"]
[Site "Saint John CAN"]
[Date "1988.??.??"]
[Round "?"]
[White "Henao, Raul Fernando"]
[Black "Kristensen, Bjarke"]
[Result "0-1"]
[WhiteElo "2345"]
[BlackElo "2300"]
[PlyCount "62"]
[GameId "2160767912587163"]
[EventDate "1988.01.24"]
[EventType "swiss"]
[EventRounds "9"]
[EventCountry "CAN"]
[SourceTitle "CBM 06"]

1. e4 c5 2. Nf3 Nc6 3. d4 cxd4 4. Nxd4 g6 5. Nc3 Bg7 6. Nb3 d6 7. Be2 Nf6 8. O-O O-O 9. Bg5 a5 10. a4 Nb4 11. Kh1 b6 12. f4 Nd7 13. Bf3 Ba6 14. Rf2 Rc8 15. Rd2 Qe8 16. e5 f6 17. exd6 fxg5 18. dxe7 Qxe7 19. Rxd7 Qe3 20. fxg5 Qxg5 21. Ne4 Qe3 22. Qd6 Rce8 23. Re7 Rxe7 24. Qxe7 Nxc2 25. Nbd2 Kh8 26. Rc1 Nd4 27. Qg5 Qd3 28. h3 Nxf3 29. gxf3 Bb7 30. Qg4 Bh6 31. Qh4 Bxd2 0-1

[Event "Saint John op-1"]
[Site "Saint John CAN"]
[Date "1988.??.??"]
[Round "?"]
[White "Henao, Raul Fernando"]
[Black "Lindsay, Fred"]
[Result "1-0"]
[WhiteElo "2345"]
[BlackElo "2250"]
[PlyCount "49"]
[GameId "2160767912587165"]
[EventDate "1988.01.24"]
[EventType "swiss"]
[EventRounds "9"]
[EventCountry "CAN"]
[SourceTitle "CBM 006"]
[Source "ChessBase"]
[SourceDate "2004.01.01"]
[SourceVersion "1"]
[SourceVersionDate "2004.01.01"]
[SourceQuality "1"]

1. e4 e6 2. d3 d5 3. Nd2 c5 4. Ngf3 Nc6 5. g3 Bd6 6. Bg2 Nge7 7. O-O Qc7 8. Nh4 g5 9. Nhf3 f6 10. exd5 Nxd5 11. Re1 Qg7 12. Nxg5 Qxg5 13. Nc4 Bf4 14. gxf4 Nxf4 15. Bxf4 Qxf4 16. Qh5+ Kd8 17. Re3 Nd4 18. Qf7 Qg5 19. Kh1 Nf5 20. Rxe6 Bxe6 21. Qxe6 Rg8 22. Bh3 Rg7 23. Nd6 Nh6 24. Nf7+ Rxf7 25. Qd6+ 1-0

[Event "Saint John op-1"]
[Site "Saint John CAN"]
[Date "1988.??.??"]
[Round "?"]
[White "Henao, Raul Fernando"]
[Black "Rajna, George"]
[Result "1-0"]
[WhiteElo "2345"]
[BlackElo "2495"]
[PlyCount "63"]
[GameId "2160767912587167"]
[EventDate "1988.01.24"]
[EventType "swiss"]
[EventRounds "9"]
[EventCountry "CAN"]
[SourceTitle "CBM 006"]
[Source "ChessBase"]
[SourceDate "2004.01.01"]
[SourceVersion "1"]
[SourceVersionDate "2004.01.01"]
[SourceQuality "1"]

1. e4 c5 2. Nf3 Nc6 3. d4 cxd4 4. Nxd4 Qc7 5. Nb3 Nf6 6. Nc3 e6 7. Bd3 a6 8. O-O b5 9. Qe2 Ne5 10. f4 Nxd3 11. cxd3 Bb7 12. Be3 d6 13. Rac1 Qd8 14. a4 b4 15. Nb1 Be7 16. N1d2 d5 17. Nc5 Rb8 18. e5 Nd7 19. Ndb3 O-O 20. Bd4 Nxc5 21. Nxc5 a5 22. f5 exf5 23. Rxf5 Bc8 24. Rf2 Rb6 25. Nb3 Rg6 26. Bc5 Bd7 27. Nxa5 Bg5 28. Rcf1 Qxa5 29. Bxf8 d4 30. Rxf7 Be3+ 31. Kh1 Bc6 32. Rxg7+ 1-0

[Event "Saint John op-1"]
[Site "Saint John CAN"]
[Date "1988.??.??"]
[Round "?"]
[White "Hernandez, Gabriel"]
[Black "Lalic, Bogdan"]
[Result "1/2-1/2"]
[WhiteElo "2330"]
[BlackElo "2495"]
[PlyCount "75"]
[GameId "2160767912587170"]
[EventDate "1988.01.24"]
[EventType "swiss"]
[EventRounds "9"]
[EventCountry "CAN"]
[SourceTitle "CBM 06"]

1. e4 e6 2. d4 d5 3. Nd2 c5 4. exd5 exd5 5. Bb5+ Bd7 6. Bxd7+ Nxd7 7. Ne2 Ngf6 8. O-O Bd6 9. Nf3 O-O 10. Bf4 Bxf4 11. Nxf4 c4 12. c3 Re8 13. Qc2 g6 14. Rae1 Qc7 15. g3 Qd6 16. Rxe8+ Rxe8 17. Re1 Rxe1+ 18. Nxe1 b5 19. Neg2 a5 20. Ne3 Nb6 21. h4 Qe7 22. b3 cxb3 23. Qxb3 Qd7 24. a4 Nxa4 25. Nfxd5 Nxd5 26. Nxd5 Kg7 27. Ne3 h5 28. c4 b4 29. Nd5 Qc6 30. c5 Qe6 31. Qxa4 Qxd5 32. Qxa5 Qxd4 33. c6 b3 34. c7 b2 35. Qb5 Qd1+ 36. Kg2 b1=Q 37. Qxb1 Qxb1 38. c8=Q 1/2-1/2

[Event "Saint John op-1"]
[Site "Saint John CAN"]
[Date "1988.??.??"]
[Round "?"]
[White "Hernandez, Gabriel"]
[Black "Semkov, Semko"]
[Result "0-1"]
[WhiteElo "2330"]
[BlackElo "2470"]
[PlyCount "108"]
[GameId "2160767912587171"]
[EventDate "1988.01.24"]
[EventType "swiss"]
[EventRounds "9"]
[EventCountry "CAN"]
[SourceTitle "CBM 06"]

1. e4 c5 2. Nf3 e6 3. d4 cxd4 4. Nxd4 Nc6 5. Nb5 d6 6. c4 Nf6 7. N1c3 a6 8. Na3 Be7 9. Be2 O-O 10. O-O b6 11. Be3 Bb7 12. Rc1 Ne5 13. f3 Rc8 14. Qd2 Qc7 15. Rfd1 Qb8 16. Qe1 Bd8 17. Qf2 Ned7 18. Bf1 Bc7 19. g3 Kh8 20. b4 Rg8 21. Bg2 Qa8 22. Na4 b5 23. Nb6 Nxb6 24. Bxb6 Bb8 25. Bd4 Bc6 26. Kh1 Nd7 27. Nb1 bxc4 28. Rxc4 e5 29. Ba1 Qb7 30. a3 h6 31. Rdc1 Nb6 32. R4c2 d5 33. exd5 Bxd5 34. Rxc8 Rxc8 35. Rxc8+ Nxc8 36. Nc3 Bc6 37. Qe2 f6 38. Ne4 Bb5 39. Qd2 Qe7 40. Nc3 Bc6 41. Qd3 Ba7 42. Qxa6 Qd7 43. Qf1 Qd2 44. b5 Bb7 45. Qd1 Qe3 46. a4 Bb6 47. Qf1 Nd6 48. Nd1 Qa3 49. Bb2 Qxa4 50. f4 Bxg2+ 51. Kxg2 Qc2+ 52. Kh3 exf4 53. gxf4 Qf5+ 54. Kg2 Qg4+ 0-1